[Event "Tourn. n8339"]
[Site "www.chess-mail.com"]
[Date "2015.09.21"]
[Round "1"]
[White "Osopanda"]
[Black "Gegonz"]
[WhiteElo "1970"]
[BlackElo "1880"]
[Result "1-0"]
[Round "1"]
1.c4 d6
2.d4 e6
3.Nb1c3 Bf8e7
4.Ng1f3 Bc8d7
5.e4 Ng8f6
6.Bf1d3 Nb8c6
7.e5 dxe5
8.dxe5 Nf6g8
9.O-O Nc6b4
10.Bd3b1 c5
11.a3 Nb4c6
12.Bc1e3 a6
13.Qd1c2 Qd8c7
14.Nc3e4 f5
15.Ne4d6 Be7xd6
16.exd6 Qc7xd6
17.Rf1d1 Qd6e7
18.Be3f4 Ng8f6
19.Bf4d6 Qe7f7
{ time. }
1-0

[Event "Tourn. n8339"]
[Site "www.chess-mail.com"]
[Date "2015.09.21"]
[Round "1"]
[White "Culiflori"]
[Black "Gegonz"]
[WhiteElo "1920"]
[BlackElo "1880"]
[Result "1-0"]
[Round "1"]
1.e4 e6
2.d4 d6
3.Ng1f3 Bf8e7
4.Nb1c3 Bc8d7
5.Bf1c4 Nb8c6
6.O-O Ng8f6
7.Rf1e1 O-O
8.Bc1f4 a6
9.a4 Rf8e8
10.h3 Nc6a7
11.Qd1d2 b5
12.axb5 axb5
13.Bc4b3 b4
14.Nc3e2 c5
15.Ne2g3 Bd7c6
16.Ra1d1 Qd8c7
17.dxc5 e5
18.cxd6 Be7xd6
19.Bf4g5 Bd6e7
20.Bg5xf6 Be7xf6
21.Qd2xb4 Bf6e7
22.Qb4c4 Be7f6
23.Ng3h5 Qc7e7
24.Nh5xf6 Qe7xf6
25.Qc4c5 Na7b5
26.c3 Ra8c8
27.Qc5b4 Rc8b8
28.Qb4c5 Rb8c8
29.Qc5e3 h6
30.Nf3d2 Rc8b8
31.Bb3c2 Nb5d6
32.f3 Rb8xb2
33.Rd1c1 Nd6b5
34.Bc2b1 Nb5a3
35.c4 Re8d8
36.Re1d1 Bc6a4
37.Qe3xa3 Rb2xb1
38.Qa3xa4 Rb1xc1
39.Rd1xc1 Rd8xd2
40.Rc1d1 Rd2e2
41.Rd1f1 Qf6h4
{ time. }
1-0

[Event "Tourn. n8326"]
[Site "www.chess-mail.com"]
[Date "2015.09.21"]
[Round "1"]
[White "Redabond"]
[Black "Attatroll"]
[WhiteElo "1730"]
[BlackElo "1900"]
[Result "0-1"]
[Round "1"]
1.e4 d5
2.exd5 Qd8xd5
3.Nb1c3 Qd5d8
4.Bf1c4 e6
5.Ng1f3 Ng8f6
6.O-O Bf8e7
7.Rf1e1 O-O
8.d4 c6
9.Bc1e3 Nb8d7
10.Nf3g5 h6
11.Ng5f3 Nd7b6
12.Bc4d3 Nb6d5
13.Nc3xd5 exd5
14.Nf3e5 Be7d6
15.Qd1f3 Bd6xe5
16.dxe5 Nf6g4
17.Be3c5 Rf8e8
18.Bc5d6 Bc8e6
19.h3 Ng4xf2
 { time }
0-1

[Event "Tourn. n8380"]
[Site "www.chess-mail.com"]
[Date "2015.09.21"]
[Round "1"]
[White "Numanoid"]
[Black "Vasylpuzanov"]
[WhiteElo "2510"]
[BlackElo "2290"]
[Result "1-0"]
[Round "1"]
1.e4 e5
2.Ng1f3 Nb8c6
3.d4 exd4
4.Bf1c4 Ng8f6
5.e5 Nf6g4
6.O-O Ng4xe5
7.Nf3xe5 Nc6xe5
8.Rf1e1 Qd8f6
9.Qd1xd4 { resign }
1-0

[Event "Tourn. n8329"]
[Site "www.chess-mail.com"]
[Date "2015.09.21"]
[Round "1"]
[White "Rons"]
[Black "Liencam2"]
[WhiteElo "2560"]
[BlackElo "2310"]
[Result "1-0"]
[Round "1"]
1.e4 c5
2.Ng1f3 e6
3.d4 cxd4
4.Nf3xd4 a6
5.Bf1d3 Bf8c5
6.Nd4b3 Bc5e7
7.Qd1g4 g6
8.Qg4e2 d6
9.O-O Nb8d7
10.Nb1a3 Nd7e5
11.Na3c4 Ne5xc4
12.Bd3xc4 Qd8c7
13.a4 Bc8d7
14.Bc1f4 Ra8c8
15.Nb3d2 e5
16.Bf4e3 Ng8f6
17.Bc4b3 O-O
18.Nd2c4 Bd7c6
19.Nc4b6 Rc8d8
20.Nb6d5 Bc6xd5
21.exd5 Nf6d7
22.a5 Nd7c5
23.Qe2c4 b5
24.Qc4b4 Rd8c8
25.c3 Nc5xb3
26.Qb4xb3 Qc7c4
27.Qb3xc4 Rc8xc4
28.f4 b4
29.Ra1a4 exf4
30.Be3d4 Rf8c8
31.Ra4xb4 Rc4xb4
32.cxb4 g5
33.b5 axb5
34.a6 f5
35.a7 Kf7
36.Rf1e1 Be7f6
37.Bd4xf6 Kxf6
38.Re1e6 Kf7
39.Re6xd6 Rc8c1
40.Kf2 Rc1a1
41.Rd6d7 Kf6
42.Rd7xh7 Ke5
43.Rh7d7 g4
44.h4 Ra1a2
45.h5 Ra2xb2
46.Ke1 Rb2a2
47.h6 f3
48.h7 fxg2
49.h8Q Kf4
50.Qh8d4 Kg3
51.Qd4e3 { resign }
1-0

[Event "Match"]
[Site "www.echecsemail.com"]
[Date "2015.09.21"]
[Round "1"]
[White "Darknight"]
[Black "Daquata"]
[WhiteElo "1690"]
[BlackElo "1820"]
[Result "0-1"]
[Round "1"]
1.d4 Ng8f6
2.Nb1c3 d5
3.h3 Nb8c6
4.e3 e5
5.Bf1b5 Bf8b4
6.Ng1e2 O-O
7.a3 Bb4xc3
8.Ne2xc3 Rf8e8
9.e4 exd4
10.Nc3e2 Nf6xe4
11.Qd1d3 Qd8f6
12.Bc1f4 Bc8f5
13.Qd3b3 a6
14.Bb5d3 Ne4c5
15.Qb3xd5 Nc5xd3
16.cxd3 Bf5xd3
17.Bf4e3 dxe3
18.Qd5xd3 Qf6xf2
19.Kd1 Ra8d8
20.Kc2 Rd8xd3
21.Kxd3 Re8d8
22.Kc3 Qf2xe2
23.Kb3 Qe2xg2
24.Ra1g1 Rd8d3
25.Ka2 Qg2d2
26.Rg1g4 Nc6e5
27.Rg4e4 f6
28.h4 Qd2g2
29.Re4xe5 Qg2xh1
30.Re5e8 Kf7
31.Re8c8 Qh1d5
32.Kb1 e2
33.Rc8xc7 Kg6
34.Rc7c1 Rd3d1
35.Kc2 Qd5d3

0-1

[Event "Match"]
[Site "www.echecsemail.com"]
[Date "2015.09.21"]
[Round "1"]
[White "Bojan"]
[Black "Fres"]
[WhiteElo "1970"]
[BlackElo "1339"]
[Result "1-0"]
[Round "1"]
1.e4 e5
2.Ng1f3 Nb8c6
3.d4 exd4
4.Nf3xd4 Ng8e7
5.Bc1e3 Nc6xd4
6.Be3xd4 Ne7c6
7.Bd4e3 Bf8e7
8.c3 O-O
9.f4 f5
10.e5 d6
11.Qd1d5 Kh8
12.e6 Qd8e8
13.Bf1d3 Qe8g6
14.O-O Bc8xe6
15.Qd5f3 Be7f6
16.Nb1d2 Ra8e8
17.Qf3e2 a6
18.Rf1f3 Be6d5
19.Rf3g3 Qg6f7
20.Bd3xf5 Bf6xc3
21.Bf5xh7 Bc3xd2
22.Rg3h3 Bd2xe3
23.Kh1 Qf7f6
24.Bh7e4 Kg8
25.Be4xd5 Rf8f7
26.Rh3xe3 Re8xe3
27.Qe2xe3 Nc6e7
28.Bd5xf7 Qf6xf7
29.g3 Ne7f5
30.Qe3f3  { time }
1-0

[Event "Match"]
[Site "www.echecsemail.com"]
[Date "2015.09.21"]
[Round "1"]
[White "Vitoriccardo"]
[Black "Fres"]
[WhiteElo "1760"]
[BlackElo "1339"]
[Result "1-0"]
[Round "1"]
1.d4 d5
2.c4 Ng8f6
3.Nb1c3 e6
4.Bc1g5 Bf8e7
5.Bg5xf6 Be7xf6
6.Ng1f3 O-O
7.e3 c6
8.cxd5 cxd5
9.Bf1d3 Nb8d7
10.O-O Bf6e7
11.Qd1c2 f5
12.Nf3e5 Nd7xe5
13.dxe5 Qd8c7
14.f4 Be7c5
15.Rf1f3 Qc7b6
16.Ra1e1 d4
17.Nc3a4 Qb6c6
18.Na4xc5 Rf8f7
19.e4 b6
20.Nc5b3 Qc6xc2
21.Bd3xc2 Bc8b7
22.Nb3xd4 fxe4
23.Bc2xe4 Bb7xe4
24.Re1xe4  { time }
1-0

[Event "Match"]
[Site "www.echecsemail.com"]
[Date "2015.09.21"]
[Round "1"]
[White "Bojan"]
[Black "Lorenatache"]
[WhiteElo "1910"]
[BlackElo "1809"]
[Result "1/2-1/2"]
[Round "1"]
1.e4 e5
2.Ng1f3 Ng8f6
3.Nf3xe5 d6
4.Ne5f3 Nf6xe4
5.Qd1e2 Qd8e7
6.d3 Ne4f6
7.Nb1c3 Qe7xe2
8.Bf1xe2 Bc8d7
9.O-O Bf8e7
10.d4 Nb8c6
11.Rf1e1 O-O-O
12.Be2b5 Rh8e8
13.Nc3e4 h6
{ draw }
1/2-1/2

[Event "Match"]
[Site "www.echecsemail.com"]
[Date "2015.09.21"]
[Round "1"]
[White "Hundegana"]
[Black "Fres"]
[WhiteElo "1970"]
[BlackElo "1339"]
[Result "1-0"]
[Round "1"]
1.e4 e5
2.Ng1e2 Ng8f6
3.Ne2g3 Nb8c6
4.c3 Bf8e7
5.Bf1d3 O-O
6.O-O d6
7.a3 Bc8e6
8.Rf1e1 Nf6e8
9.Bd3c2 Qd8c8
10.d3 f5
11.exf5 Be6xf5
12.f3 Qc8e6
13.Bc2b3 d5
14.Bc1e3 Kh8
15.Ng3xf5 Rf8xf5
16.Be3f2 Ra8d8
17.d4 Ne8d6
18.dxe5 Nd6c4
19.Bb3xc4 dxc4
20.Qd1c2 Nc6xe5
21.Nb1d2  { time }
1-0

[Event "Match"]
[Site "www.echecsemail.com"]
[Date "2015.09.21"]
[Round "1"]
[White "Paco"]
[Black "Alessiov"]
[WhiteElo "1830"]
[BlackElo "1610"]
[Result "1-0"]
[Round "1"]
1.e4 e5
2.Ng1f3 Nb8c6
3.Bf1c4 Bf8c5
4.d3 d6
5.Nf3g5 Ng8h6
6.Qd1f3 Nc6d4
7.Bc4xf7 Kf8
8.Qf3d1 b5
9.c3 Nh6xf7
10.cxd4 Bc5b4
11.Nb1c3 Nf7xg5
12.O-O Ng5f7
13.Nc3d5 Bb4a5
14.b4 Ba5b6
15.dxe5 Bb6d4
16.e6  { time }
1-0

[Event "Match"]
[Site "www.echecsemail.com"]
[Date "2015.09.21"]
[Round "1"]
[White "Alessiov"]
[Black "Pablincho"]
[WhiteElo "1610"]
[BlackElo "1720"]
[Result "0-1"]
[Round "1"]
1.e4 c5
2.Nb1c3 Nb8c6
3.Ng1f3 e6
4.Bf1b5 a6
5.Bb5xc6 bxc6
6.O-O Bf8e7
7.d3 Qd8c7
8.Qd1e1 d6
9.e5 f6
10.exd6 Be7xd6
11.a3 Ng8e7
12.Nc3e4 O-O
13.Ne4xf6 gxf6
14.Bc1h6 Rf8f7
15.b4 cxb4
16.axb4 Ne7f5
17.Bh6e3 Rf7g7
18.Nf3d2 Bd6xh2
19.Kh1 Bh2d6
20.Nd2e4 Rg7g6
21.Be3c1 Bd6e5
22.c3 Rg6g4
 { time }
0-1

[Event "Match"]
[Site "www.echecsemail.com"]
[Date "2015.09.21"]
[Round "1"]
[White "Bojan"]
[Black "Iulia92"]
[WhiteElo "1950"]
[BlackElo "1809"]
[Result "0-1"]
[Round "1"]
1.e4 c5
2.Ng1f3 d6
3.d4 cxd4
4.Nf3xd4 Ng8f6
5.Nb1c3 a6
6.Bf1c4 e6
7.Qd1f3 Qd8c7
8.Bc4d3 b5
9.Qf3g3 Bc8b7
10.Nd4f3 Nb8d7
11.a3 Nf6h5
12.Qg3g5 g6
13.Qg5e3 Bf8g7
14.Bc1d2 Nd7c5
15.Ra1b1 O-O
16.b4 Nc5xd3
17.Qe3xd3 Ra8c8
18.Nc3e2 Qc7xc2
19.Qd3xc2 Rc8xc2
20.Nf3d4 Rc2a2
21.f3 Ra2xa3
22.Nd4b3 Ra3a2
23.g4 Nh5f6
24.O-O Nf6xe4
25.fxe4 Bb7xe4
26.Rb1c1 Be4c2
27.Ne2d4 Bg7xd4
28.Nb3xd4 Bc2e4
29.Bd2g5 Ra2g2
30.Kh1 Rg2xg4
{ resign }
0-1

[Event "Match"]
[Site "www.echecsemail.com"]
[Date "2015.09.21"]
[Round "1"]
[White "Krystek23"]
[Black "Jhw"]
[WhiteElo "2380"]
[BlackElo "1910"]
[Result "1-0"]
[Round "1"]
1.c4 g6
2.Nb1c3 Bf8g7
3.e3 c5
4.Ng1f3 Nb8c6
5.Bf1e2 Ng8f6
6.a3 a6
7.O-O d5
8.cxd5 Nf6xd5
9.Qd1b3 Nd5xc3
10.dxc3 b5
11.a4 c4
12.Qb3d1 Bc8f5
13.Nf3g5 Bg7f6
14.Be2f3 Qd8c7
15.axb5 O-O
16.Ng5xf7 Kxf7
17.Qd1d5 e6
18.Qd5xc6 Qc7xc6
19.Bf3xc6 { resign }
1-0

[Event "Match"]
[Site "www.echecsemail.com"]
[Date "2015.09.21"]
[Round "1"]
[White "Azorau"]
[Black "Gegonz"]
[WhiteElo "1910"]
[BlackElo "1880"]
[Result "1-0"]
[Round "1"]
1.e4 e6
2.d4 d6
3.Nb1c3 Bc8d7
4.Bc1f4 Nb8c6
5.Ng1f3 Bf8e7
6.Bf1b5 a6
7.Bb5xc6 bxc6
8.Qd1e2 Ng8f6
9.h4 h6
10.O-O-O O-O
11.e5 Nf6d5
12.Nc3xd5 cxd5
13.g4 Bd7b5
14.Qe2d2 c5
15.Bf4xh6 dxe5
16.Bh6g5 e4
17.Bg5xe7 Qd8xe7
18.h5 exf3
19.h6 g5
20.h7 Kg7
21.dxc5 Bb5e2
22.Rd1e1 f6
{ time. }
1-0

[Event "1/64 Finale"]
[Site "www.chess-mail.com"]
[Date "2015.09.21"]
[Round "1"]
[White "Alessiov"]
[Black "Traub"]
[WhiteElo "1719"]
[BlackElo "1800"]
[Result "0-1"]
[Round "1"]
1.b3 e5
2.Bc1b2 Nb8c6
3.c4 d5
4.cxd5 Qd8xd5
5.Ng1f3 f5
6.e3 e4
7.Nf3g5 Ng8f6
8.Bf1c4 Qd5d7
9.Bb2xf6 gxf6
10.Qd1h5 Ke7
11.Qh5f7 Kd8
 { time }
0-1

[Event "1/64 Finale"]
[Site "www.chess-mail.com"]
[Date "2015.09.21"]
[Round "1"]
[White "Guidom"]
[Black "Julian"]
[WhiteElo "2200"]
[BlackElo "1800"]
[Result "1-0"]
[Round "1"]
1.e4 c5
2.Ng1f3 d6
3.d4 cxd4
4.Nf3xd4 Ng8f6
5.Nb1c3 a6
6.Bf1d3 e5
7.Nd4f3 h6
8.O-O Bc8e6
9.Bc1e3 Nb8d7
10.Qd1e2 Bf8e7
11.Rf1d1 O-O
12.h3 Ra8c8
13.Qe2d2 d5
14.exd5 Nf6xd5
15.Nc3xd5 Be6xd5
16.Bd3f5 Bd5c6
17.Bf5xd7 Rc8c7
18.Bd7xc6 Qd8xd2
19.Rd1xd2 Rc7xc6
20.Nf3xe5 Rc6e6
21.Ne5f3 Be7b4
22.c3 Bb4e7
23.Be3d4 b5
24.Ra1e1 Re6xe1
25.Nf3xe1 Rf8e8
26.Ne1f3 Be7f6
27.Bd4xf6 gxf6
28.Kf1 Kg7
29.Rd2d6 Re8e6
30.Rd6xe6 fxe6
31.Ke2 { resign }
1-0

[Event "1/128 Finale"]
[Site "www.chess-mail.com"]
[Date "2015.09.21"]
[Round "1"]
[White "Relaxmax"]
[Black "Rindrandria"]
[WhiteElo "1459"]
[BlackElo "1570"]
[Result "1-0"]
[Round "1"]
1.e4 Nb8c6
2.Nb1c3 Ng8f6
3.Ng1f3 a6
4.e5 Nf6g4
5.d4 b5
6.h3 Ng4h6
7.Bf1d3 f5
8.Bc1xh6 gxh6
9.Nf3g5 d6
10.Qd1h5 Kd7
11.e6 
1-0

[Event "Eq:Slap Shot Mates-Team USA : "]
[Site "www.chess-mail.com"]
[Date "2015.09.21"]
[Round "1"]
[White "Olddog55"]
[Black "Geodad5"]
[WhiteElo "1710"]
[BlackElo "2180"]
[Result "0-1"]
[Round "1"]
1.d4 d5
2.Ng1f3 Bc8g4
3.h3 Bg4xf3
4.exf3 Ng8f6
5.Bf1d3 e6
6.f4 Bf8e7
7.c4 O-O
8.g4 dxc4
9.Bd3xc4 Nb8c6
10.Bc1e3 a6
11.Nb1c3 Be7b4
12.g5 Nf6e4
13.O-O Ne4xc3
14.bxc3 Bb4xc3
15.Ra1c1 Bc3xd4
16.Qd1b3 Bd4xe3
17.fxe3 Nc6a5
18.Qb3a4 Na5xc4
19.Qa4xc4 c6
20.Qc4b4 Qd8c7
21.h4 Rf8d8
22.Rf1f3 Rd8d5
23.Rf3h3 Ra8d8
24.Qb4e1 Rd5d2
25.h5 Rd2xa2
26.Qe1h4 Qc7d6
27.Rc1f1 Qd6d2
28.Rh3g3 c5
29.h6 g6
30.e4 Qd2d4
31.Kh1 Qd4xe4
32.Kg1 Rd8d2
33.Qh4h1 Qe4d4
{ resign }
0-1

[Event "Fast Game"]
[Site "www.echecsemail.com"]
[Date "2015.09.21"]
[Round "1"]
[White "Relaxmax"]
[Black "Sonny1000"]
[WhiteElo "1599"]
[BlackElo "1599"]
[Result "1-0"]
[Round "1"]
1.e4 Nb8c6
2.Nb1c3 a6
3.d4 Ng8f6
4.e5 Nf6d5
5.Nc3xd5 g6
6.Ng1f3 e6
7.Bc1g5 Bf8e7
8.Nd5f6 Be7xf6
9.Bg5xf6 O-O
10.Bf6xd8 Nc6xd8
11.Nf3d2 d5
12.h4 Nd8c6
13.c3 Nc6a5
14.Qd1f3 h5
15.g4 f5
16.gxh5 g5
17.hxg5 Kf7
18.g6 Ke7
19.h6 Bc8d7
20.g7 Rf8g8
21.Rh1g1 { resign }
1-0

[Event "Tourn. n8360"]
[Site "www.chess-mail.com"]
[Date "2015.09.22"]
[Round "1"]
[White "Iko"]
[Black "Fres"]
[WhiteElo "1590"]
[BlackElo "1339"]
[Result "1-0"]
[Round "1"]
1.e4 e5
2.Ng1f3 Nb8c6
3.d4 exd4
4.Nf3xd4 Ng8e7
5.Bc1g5 Nc6xd4
6.Qd1xd4 Ne7c6
7.Qd4e3 Bf8e7
8.Bf1c4 Be7xg5
9.Qe3f3 O-O
10.h4 Bg5f6
11.Qf3b3 Nc6a5
12.Qb3b4 Na5xc4
13.Nb1c3 Bf6xc3
14.Qb4xc3 Nc4d6
15.Rh1h3  { time }
1-0

[Event "Tourn. n8370"]
[Site "www.chess-mail.com"]
[Date "2015.09.22"]
[Round "1"]
[White "Gegonz"]
[Black "Luban"]
[WhiteElo "1900"]
[BlackElo "2070"]
[Result "0-1"]
[Round "1"]
1.c4 e6
2.Nb1c3 Ng8f6
3.Ng1f3 d5
4.e3 c5
5.d4 a6
6.cxd5 exd5
7.dxc5 Bf8xc5
8.Bf1e2 h6
9.O-O Bc8e6
10.Qd1a4 Nb8c6
11.Bc1d2 O-O
12.Ra1c1 Qd8e7
13.a3 d4
14.exd4 { time. }
0-1

[Event "Tourn. n8370"]
[Site "www.chess-mail.com"]
[Date "2015.09.22"]
[Round "1"]
[White "Gegonz"]
[Black "Chtoubidou"]
[WhiteElo "1900"]
[BlackElo "1970"]
[Result "0-1"]
[Round "1"]
1.Ng1f3 d6
2.b3 e5
3.e3 Nb8c6
4.Bc1b2 Ng8f6
5.Bf1e2 Bf8e7
6.d3 O-O
7.O-O Bc8g4
8.Nb1d2 Nf6d7
9.d4 exd4
10.Nf3xd4 Bg4xe2
11.Qd1xe2 Nc6e5
12.Nd2f3 { time. }
0-1

[Event "Tourn. n8382"]
[Site "www.chess-mail.com"]
[Date "2015.09.22"]
[Round "1"]
[White "Scasan55"]
[Black "Guidom"]
[WhiteElo "2040"]
[BlackElo "2130"]
[Result "1-0"]
[Round "1"]
1.e4 e5
2.Ng1f3 Nb8c6
3.Bf1b5 a6
4.Bb5xc6 dxc6
5.h3 Ng8f6
6.d3 Bf8d6
7.Bc1g5 h6
8.Bg5xf6 Qd8xf6
9.O-O O-O
10.Nb1d2 Bc8e6
11.b3 b5
12.Rf1e1 Bd6b4
13.a3 Bb4c3
14.Ra1b1 Ra8d8
15.Re1e2 b4
16.axb4 Bc3xb4
17.Qd1c1 Bb4xd2
18.Qc1xd2 Be6xh3
19.Nf3h2 Bh3c8
20.Re2e3 Qf6d6
21.Re3g3 f5
22.exf5 Rf8xf5
23.Rb1e1 Qd6f6
24.Nh2g4 Qf6h4
25.Ng4xe5 Rd8f8
26.Ne5g6 Qh4d4
27.Ng6xf8 Kxf8
28.Qd2e3 Qd4xe3
29.Rg3xe3 Bc8d7
30.Re3e7 Rf5f7
31.Re7xf7 Kxf7
32.Re1a1 Ke6
33.Ra1xa6 g6
34.Ra6a7 Kd6
35.g3 h5
36.Kg2 Bd7g4
37.f3 Bg4e6
38.Ra7a8 Ke7
39.Kf2 Kd7
40.Ke3 Ke7
41.d4 Be6f5
42.c3 Bf5c2
43.b4 Bc2b3
44.Kf4 Bb3c4
45.Kg5 Bc4d3
46.Ra8c8 Kd7
47.Rc8g8 Bd3e2
48.f4 Be2d3
49.Rg8xg6 Bd3xg6
50.Kxg6 { resign }
1-0

[Event "Tourn. n8344"]
[Site "www.chess-mail.com"]
[Date "2015.09.22"]
[Round "1"]
[White "Bojan"]
[Black "Francesco"]
[WhiteElo "1950"]
[BlackElo "2070"]
[Result "1-0"]
[Round "1"]
1.e4 c6
2.d4 d5
3.exd5 cxd5
4.Nb1c3 Bc8f5
5.Ng1f3 Ng8f6
6.h3 e6
7.Nf3h4 Bf5e4
8.f3 Be4g6
9.Nh4xg6 hxg6
10.Bf1b5 Nb8c6
11.Bc1e3 a6
12.Bb5e2 Bf8d6
13.a3 Bd6g3
14.Be3f2 Qd8d6
15.Qd1d3 b5
16.Nc3a2 Ra8c8
17.c3 Ke7
18.Qd3e3 Nc6a5
19.b4 Na5c4
20.Qe3g5 Bg3xf2
21.Kxf2 Rh8h5
22.Qg5g3 Qd6xg3
23.Kxg3 Kd6
24.Na2c1 Nc4d2
25.Nc1d3 Rc8xc3
26.Rh1d1 Nd2c4
27.Ra1a2 Rh5h8
28.Nd3c5 Rh8a8
29.Kf2 Nf6h5
30.g3 Nh5f6
31.Rd1a1 Nf6d7
32.Be2d1 Ra8h8
33.h4 Rh8a8
34.a4 bxa4
35.Ra2xa4 Nd7b6
36.Ra4xa6 Ra8xa6
37.Ra1xa6 Rc3c1
38.Bd1e2 Rc1b1
39.Be2xc4 dxc4
40.Ra6xb6 Kd5
41.Ke3 c3
42.Kd3 Rb1d1
43.Kc2 Rd1f1
44.Kxc3 Rf1xf3
45.Kd2 Rf3xg3
46.Nc5d7 Kxd4
47.b5 Rg3g2
48.Kc1 Rg2h2
49.Rb6d6 Kc3
50.Rd6c6 Kd3
51.b6 Rh2h1
52.Kb2 Rh1h2
53.Kb3 Rh2h1
54.Ka2 Rh1xh4
55.Rc6c7 Rh4a4
56.Kb3 Ra4a1
57.b7 Ra1b1
58.Ka2 Rb1xb7
59.Rc7xb7 Kd4
60.Nd7f8 Ke5
61.Rb7xf7 g5
62.Rf7xg7 Kf6
63.Rg7g6 Kf7
64.Rg6xg5 Kxf8
65.Kb3 Ke7
66.Kc4 Kd6
67.Kd4 { resign }
1-0

[Event "Match"]
[Site "www.echecsemail.com"]
[Date "2015.09.22"]
[Round "1"]
[White "Jpjohnston"]
[Black "Markos123"]
[WhiteElo "2020"]
[BlackElo "1840"]
[Result "1-0"]
[Round "1"]
1.e4 e5
2.Ng1f3 Nb8c6
3.Bf1c4 Ng8f6
4.Nf3g5 d5
5.exd5 Nc6d4
6.d6 Bc8e6
7.Bc4xe6 Nd4xe6
8.Ng5xe6 fxe6
9.dxc7 Qd8xc7
10.Nb1c3 Bf8c5
11.d3 Qc7c6
12.Qd1e2 Bc5d4
13.Bc1d2 O-O
14.O-O h6
15.Ra1b1  { time }
1-0

[Event "Match"]
[Site "www.echecsemail.com"]
[Date "2015.09.22"]
[Round "1"]
[White "Azorau"]
[Black "Pinehill"]
[WhiteElo "1529"]
[BlackElo "1820"]
[Result "0-1"]
[Round "1"]
1.e4 d5
2.exd5 Ng8f6
3.Bf1b5 Bc8d7
4.Qd1e2 a6
5.Bb5c4 Bd7g4
6.f3 Bg4c8
7.Nb1c3 Nb8d7
8.d4 Nd7b6
9.Bc1g5 Nf6xd5
10.Bc4xd5 Nb6xd5
11.Nc3xd5 Qd8xd5
12.Bg5e3 Bc8f5
13.g4 Bf5xg4
14.h3 Bg4h5
15.b3 e6
16.O-O-O Bh5g6
17.c4 Qd5f5
18.Kb2 O-O-O
19.f4 f6
20.Ng1f3 Qf5e4
21.Nf3h4 Bg6f7
22.Rh1e1 Qe4c6
23.Nh4f3 Bf8b4
24.d5 exd5
25.Nf3d4 Qc6d7
26.Re1f1 dxc4
27.bxc4 Rh8e8
28.Kb3 Bb4f8
29.Nd4c2 Qd7b5
30.Kc3 Qb5a5
31.Kb2 Rd8xd1
32.Rf1xd1 Bf8a3
33.Nc2xa3 Qa5b4
34.Ka1 Qb4xa3
35.Qe2g4 Kb8
36.Be3c1 Qa3c3
37.Bc1b2 Qc3xc4
38.Kb1 Qc4xa2
39.Kc2 Bf7b3
40.Kc1 Bb3xd1
41.Qg4xd1 Qa2c4
42.Kb1 Qc4xf4
43.Qd1d7 Re8e1
44.Ka2 Qf4c4
45.Ka3 Re1e3
46.Bb2c3 Re3xc3
47.Kb2 Qc4b4
{ resign }
0-1

[Event "Match"]
[Site "www.echecsemail.com"]
[Date "2015.09.22"]
[Round "1"]
[White "Witpar"]
[Black "Yussuf1000"]
[WhiteElo "2600"]
[BlackElo "2370"]
[Result "1-0"]
[Round "1"]
1.d4 Ng8f6
2.Bc1g5 Nf6e4
3.Bg5f4 d5
4.e3 Nb8c6
5.Bf1d3 g5
6.Bf4g3 h5
7.Bd3xe4 dxe4
8.h4 gxh4
9.Bg3xh4 Rh8g8
10.Nb1c3 Rg8xg2
11.Qd1xh5 Bc8g4
12.Qh5h7 Nc6b4
13.Qh7xe4 Rg2xg1
14.Rh1xg1 f5
15.Qe4e6 Nb4xc2
16.Kd2 Nc2xa1
17.Rg1xg4 { resign }
1-0

[Event "Match"]
[Site "www.echecsemail.com"]
[Date "2015.09.22"]
[Round "1"]
[White "Bojan"]
[Black "Mitja"]
[WhiteElo "1940"]
[BlackElo "1960"]
[Result "0-1"]
[Round "1"]
1.e4 d5
2.exd5 Qd8xd5
3.Nb1c3 Qd5d8
4.g3 e6
5.Qd1f3 c6
6.Ng1h3 Ng8f6
7.d3 Nb8d7
8.Nc3e4 Nf6xe4
9.dxe4 Nd7b6
10.Bf1d3 Bf8e7
11.Qf3g4 Be7f8
12.b3 Qd8f6
13.Ra1b1 Bf8b4
14.Ke2 g6
15.Bc1b2 Bb4c3
16.Bb2a3 Bc3d4
17.f3 e5
18.Qg4g5 Qf6xg5
19.Nh3xg5 f6
20.Ng5h3 Bc8xh3
21.Rb1c1 Nb6c8
22.Ba3b4 Bd4b6
23.c4 Bh3e6
24.c5 Bb6c7
25.Bb4d2 Kd7
26.Bd3c2 b5
27.Rh1d1 Ke7
28.Bd2e3 a6
29.a3 Nc8a7
30.b4 Ra8d8
31.Rd1f1 Be6c4
32.Kf2 Bc4xf1
33.Kxf1 a5
34.Ke2 g5
35.g4 h5
36.h3 hxg4
37.hxg4 Rh8h2
38.Kf1 Na7c8
39.Bc2d1 Rd8d3
40.Kg1 Rh2a2
41.Be3f2 Ra2xa3
42.bxa5 Bc7xa5
43.Bd1e2 Rd3d2
44.Kf1 Rd2a2
45.Bf2e1 Ba5xe1
46.Kxe1 Ra2a1
{ resign }
0-1

[Event "Match"]
[Site "www.echecsemail.com"]
[Date "2015.09.22"]
[Round "1"]
[White "Bojan"]
[Black "Mitja"]
[WhiteElo "1940"]
[BlackElo "1960"]
[Result "0-1"]
[Round "1"]
1.c4 e5
2.d4 exd4
3.Qd1xd4 f6
4.a3 d6
5.b4 Qd8e7
6.Ng1f3 Nb8c6
7.Qd4c3 Bc8f5
8.Nf3h4 Bf5d7
9.g3 Ng8h6
10.Bc1xh6 gxh6
11.Bf1g2 Ra8b8
12.Nb1d2 a6
13.Nd2e4 Bf8g7
14.Qc3c1 f5
15.Ne4d2 Bg7xa1
16.Qc1xa1 Rh8g8
17.e3 Bd7e6
18.a4 f4
19.b5 Nc6a5
20.Qa1d4 fxe3
21.fxe3 Rg8f8
22.Rh1f1 Rf8xf1
23.Bg2xf1 axb5
24.axb5 b6
25.Bf1d3 Qe7f7
26.Qd4h8 Qf7g8
27.Qh8d4 Na5b7
28.Bd3e4 Nb7a5
29.Qd4d3 Na5xc4
30.Be4xh7 Qg8g7
31.Nd2xc4 Be6xc4
32.Bh7g6 Bc4f7
33.Bg6e4 Qg7a1
34.Kf2 Qa1b2
35.Kg1 Qb2c1
36.Kg2 Bf7c4
37.Be4c6 Kd8
38.Qd3e4 Qc1f1
{ resign }
0-1

[Event "Match"]
[Site "www.echecsemail.com"]
[Date "2015.09.22"]
[Round "1"]
[White "Gegonz"]
[Black "Pinehill"]
[WhiteElo "1890"]
[BlackElo "1890"]
[Result "0-1"]
[Round "1"]
1.Ng1f3 Ng8f6
2.g3 g6
3.c4 Bf8g7
4.Nb1c3 O-O
5.d4 e6
6.Bf1g2 d5
7.O-O dxc4
8.Qd1a4 Nb8d7
9.Qa4xc4 Nd7b6
10.Qc4d3 c6
11.e4 Qd8c7
12.Bc1e3 Rf8d8
13.Ra1c1 e5
14.Nf3xe5 Bc8e6
15.Qd3c2 Nf6e8
16.Ne5f3 Ne8d6
17.e5 Nd6f5
18.Nf3g5 Be6c4
19.Rf1e1 Nf5xe3
20.fxe3 Nb6d5
21.Bg2xd5 Bc4xd5
22.Nc3xd5 Rd8xd5
23.Ng5f3 Ra8e8
24.Qc2c4 Qc7d8
25.Qc4b4 { time. }
0-1

[Event "Match"]
[Site "www.echecsemail.com"]
[Date "2015.09.22"]
[Round "1"]
[White "Fres"]
[Black "Gatrooper"]
[WhiteElo "1339"]
[BlackElo "1460"]
[Result "0-1"]
[Round "1"]
1.e4 e5
2.Ng1f3 Nb8c6
3.Bf1c4 d6
4.d4 Bc8e6
5.d5 Be6xd5
6.Bc4xd5 Ng8f6
7.Bc1g5 h6
8.Bg5h4 g5
9.Bh4g3 Nf6xd5
10.Qd1xd5 Qd8e7
11.O-O Bf8g7
12.Nb1c3 O-O-O
13.a4 Nc6b4
14.Qd5a5 Nb4xc2
15.Ra1c1 Nc2d4
16.Qa5xa7 Kd7
17.Nf3xd4 Qe7f8
18.Nd4f5 Rd8c8
19.Qa7xb7 Bg7f6
 { time }
0-1

[Event "Match"]
[Site "www.echecsemail.com"]
[Date "2015.09.22"]
[Round "1"]
[White "Gegonz"]
[Black "Raulazo"]
[WhiteElo "1970"]
[BlackElo "1889"]
[Result "0-1"]
[Round "1"]
1.d4 d5
2.c4 Ng8f6
3.cxd5 Nf6xd5
4.Ng1f3 Nb8c6
5.e4 Nd5b6
6.Nb1c3 Bc8g4
7.Bf1b5 a6
8.Bb5xc6 bxc6
9.Bc1e3 g6
10.O-O Bf8g7
11.Qd1d3 O-O
12.Ra1d1 Bg4xf3
13.gxf3 Nb6d7
14.f4 e6
15.f5 Ra8b8
16.b3 c5
17.fxg6 fxg6
18.f4 Qd8h4
19.Qd3xa6 Qh4g4
20.Kh1 Rb8b6
21.Qa6d3 cxd4
22.Be3xd4 Rb6d6
23.e5 Rd6c6
24.Qd3g3 Qg4f5
25.Qg3f3 Nd7b8
26.b4 Rc6a6
27.b5 Ra6a5
28.a4 Qf5xf4
29.Qf3xf4 Rf8xf4
30.Rf1xf4 Bg7h6
31.Rf4f6 { time. }
0-1

[Event "Match"]
[Site "www.echecsemail.com"]
[Date "2015.09.22"]
[Round "1"]
[White "Pariolinius"]
[Black "Stepdedalus"]
[WhiteElo "1970"]
[BlackElo "1499"]
[Result "1-0"]
[Round "1"]
1.e4 Ng8f6
2.e5 Nf6d5
3.Ng1f3 d6
4.d4 dxe5
5.Nf3xe5 g6
6.c4 Nd5b6
7.Nb1c3 Bf8g7
8.Bf1e2 O-O
9.O-O Bg7xe5
10.dxe5 Qd8xd1
11.Rf1xd1 Bc8f5
12.Bc1e3 Nb8c6
13.a3  { time }
1-0

[Event "Match"]
[Site "www.echecsemail.com"]
[Date "2015.09.22"]
[Round "1"]
[White "Bojan"]
[Black "Delacey"]
[WhiteElo "1920"]
[BlackElo "1820"]
[Result "0-1"]
[Round "1"]
1.e4 e5
2.Ng1f3 Nb8c6
3.Nb1c3 Ng8f6
4.a3 Bf8c5
5.Bf1c4 O-O
6.Nc3a4 Bc5xf2
7.Kxf2 Nf6xe4
8.Kg1 d5
9.Bc4e2 Bc8f5
10.d3 Ne4d6
11.Na4c5 Ra8b8
12.Bc1g5 f6
13.Bg5h4 e4
14.dxe4 dxe4
15.Nf3d4 Nc6xd4
16.Qd1xd4 b6
17.Nc5a6 Rb8c8
18.Qd4d5 Kh8
19.Bh4g3 Rf8e8
20.Bg3xd6 Re8e5
21.Qd5b3 Qd8xd6
22.Ra1d1 Qd6c6
23.h3 Bf5e6
24.Na6b4 Qc6c5
{ resign }
0-1

[Event "Match"]
[Site "www.echecsemail.com"]
[Date "2015.09.22"]
[Round "1"]
[White "Castletyme"]
[Black "Jhw"]
[WhiteElo "1870"]
[BlackElo "1779"]
[Result "1/2-1/2"]
[Round "1"]
1.e4 e5
2.Ng1f3 Ng8f6
3.Nf3xe5 Qd8e7
4.f4 Nf6xe4
5.Qd1e2 Qe7h4
6.g3 Qh4e7
7.Qe2xe4 f6
8.Nb1c3 fxe5
9.Qe4xe5 d6
10.Qe5xe7 Bf8xe7
11.h3 Bc8f5
12.d3 Nb8c6
13.Bf1g2 O-O-O
14.Bg2xc6 bxc6
15.Bc1e3 Kb7
16.g4 Bf5e6
17.f5 Be6f7
18.h4 c5
19.Be3g5 Be7xg5
20.hxg5 Rd8e8
21.Kd2 Re8e5
22.g6 Bf7g8
23.gxh7 Bg8xh7
24.Ra1e1 Re5xe1
{ draw }
1/2-1/2